[Event "BCF-chT4S 1819 (4NCL)"]
[Site "England"]
[Date "2018.11.18"]
[Round "2.12"]
[White "Paul, Nathanael"]
[Black "Hurtado Oldridge, Felipe"]
[Result "1/2-1/2"]
[WhiteElo "2057"]
[BlackElo "1943"]
[PlyCount "113"]
[EventDate "2018.11.17"]
[EventType "team-swiss"]
[EventRounds "11"]
[EventCountry "ENG"]
[SourceTitle "EXT 2021"]
[Source "ChessBase"]
[SourceDate "2020.10.23"]
[SourceVersion "1"]
[SourceVersionDate "2020.10.23"]
[SourceQuality "1"]
[WhiteTeam "Shropshire II"]
[BlackTeam "West is Best III"]
[WhiteTeamCountry "ENG"]
[BlackTeamCountry "ENG"]

1. e4 e6 2. d4 d5 3. Nc3 dxe4 4. Nxe4 Bd7 5. Nf3 Bc6 6. Bd3 Nd7 7. 0-0 Ngf6 8. Bg5 Be7 9. Qe2 Bxe4 10. Bxe4 Nxe4 11. Bxe7 Ng3 12. fxg3 Qxe7 13. Rae1 0-0 14. Kh1 c6 15. c4 Qd6 16. Rd1 Rad8 17. Qc2 f6 18. Rfe1 Rfe8 19. Rd2 b5 20. b3 Rb8 21. Rde2 bxc4 22. bxc4 c5 23. dxc5 Nxc5 24. g4 g5 25. Rd2 Qf4 26. Rd4 Qc7 27. Nd2 Rbd8 28. Rxd8 Qxd8 29. Ne4 Qd4 30. Nxc5 Qxc5 31. Rb1 Qd4 32. c5 Rc8 33. c6 Rc7 34. h3 Qd5 35. Rc1 Kg7 36. Kh2 Qe5+ 37. Kh1 Qd5 38. a4 a5 39. Qc3 e5 40. Kh2 e4 41. Kg1 Qd3 42. Qc5 Qd2 43. Rc3 Kh6 44. Qf8+ Kg6 45. Qg8+ Kh6 46. Qf8+ Kg6 47. Qc5 Kh6 48. Rc4 e3 49. Re4 e2 50. Qf8+ Kg6 51. Qe8+ Kh6 52. Rxe2 Qc1+ 53. Re1 Qxc6 54. Qxc6 Rxc6 55. Rf1 Kg6 56. Rf5 h5 57. Rxa5 1/2-1/2

[Event "BCF-chT4S 1819 (4NCL)"]
[Site "England"]
[Date "2018.11.17"]
[Round "1.22"]
[White "Hurtado Oldridge, Felipe"]
[Black "Kamath, Vikram"]
[Result "1/2-1/2"]
[WhiteElo "1943"]
[BlackElo "1807"]
[PlyCount "104"]
[EventDate "2018.11.17"]
[EventType "team-swiss"]
[EventRounds "11"]
[EventCountry "ENG"]
[SourceTitle "EXT 2021"]
[Source "ChessBase"]
[SourceDate "2020.10.23"]
[SourceVersion "1"]
[SourceVersionDate "2020.10.23"]
[SourceQuality "1"]
[WhiteTeam "West is Best III"]
[BlackTeam "Rook & Roll"]
[WhiteTeamCountry "ENG"]
[BlackTeamCountry "ENG"]

1. d4 d5 2. c4 c6 3. Nc3 e6 4. Nf3 Bd6 5. Bg5 Nf6 6. e3 h6 7. Bh4 0-0 8. Qc2 Nbd7 9. Rc1 e5 10. cxd5 cxd5 11. Nxd5 Qa5+ 12. Nc3 Nd5 13. Be2 Nxc3 14. bxc3 exd4 15. Nxd4 Ne5 16. 0-0 Bd7 17. Qd2 Ng6 18. Bg3 Bxg3 19. hxg3 Rfd8 20. Qb2 Qc7 21. Rb1 b6 22. Ba6 Nf8 23. Rfd1 Ne6 24. Nxe6 Bxe6 25. a4 Rd6 26. Rd4 Rad8 27. Qb4 Rxd4 28. cxd4 Qc2 29. Ra1 Qb3 30. Qxb3 Bxb3 31. a5 Rb8 32. axb6 axb6 33. Rb1 Ba4 34. Bb5 Bxb5 35. Rxb5 Kf8 36. Kf1 f6 37. Ke2 Ke7 38. e4 Kd6 39. d5 Kc7 40. f4 Ra8 41. e5 fxe5 42. fxe5 Re8 43. e6 Kd6 44. Kf3 Ke5 45. Kg4 g6 46. Kh4 Re7 47. g4 Rb7 48. g5 h5 49. g4 hxg4 50. Kxg4 Re7 51. Kf3 Rb7 52. Rb2 Kxd5 1/2-1/2

[Event "World Amateur-ch U2000"]
[Site "Cagliari"]
[Date "2018.04.27"]
[Round "7"]
[White "Aoyama, Edmundo"]
[Black "Hurtado Oldridge, Felipe"]
[Result "1/2-1/2"]
[WhiteElo "1864"]
[BlackElo "1928"]
[PlyCount "75"]
[EventDate "2018.04.22"]
[EventType "swiss"]
[EventRounds "9"]
[EventCountry "ITA"]
[SourceTitle "CBM 184 Extra"]
[Source "ChessBase"]
[SourceDate "2018.06.28"]
[SourceVersion "1"]
[SourceVersionDate "2018.06.28"]
[SourceQuality "1"]

1. Nf3 Nf6 2. b3 d5 3. Bb2 Bf5 4. g3 c5 5. Bg2 Nc6 6. 0-0 Qd7 7. d4 e6 8. Nbd2 cxd4 9. Nxd4 Nxd4 10. Bxd4 Be7 11. c4 dxc4 12. Nxc4 0-0 13. Bxf6 Qxd1 14. Raxd1 Bxf6 15. Rd7 Rad8 16. Rxb7 Bd4 17. e3 Bc5 18. b4 Bd3 19. bxc5 Bxc4 20. Rc1 Bxa2 21. Rxa7 Bd5 22. Bxd5 Rxd5 23. c6 Rdd8 24. c7 Rc8 25. Rd1 g5 26. Rd7 Rfe8 27. Kf1 Kf8 28. Ke2 Re7 29. Rd8+ Re8 30. Rxc8 Rxc8 31. Kd3 Ke8 32. Ke4 f6 33. h4 gxh4 34. gxh4 Kd7 35. f4 Rxc7 36. Rxc7+ Kxc7 37. h5 Kd6 38. Kd4 1/2-1/2

[Event "World Amateur-ch U2000"]
[Site "Cagliari"]
[Date "2018.04.26"]
[Round "6"]
[White "Hurtado Oldridge, Felipe"]
[Black "Hajiyev, Kanan"]
[Result "0-1"]
[WhiteElo "1928"]
[BlackElo "1959"]
[PlyCount "72"]
[EventDate "2018.04.22"]
[EventType "swiss"]
[EventRounds "9"]
[EventCountry "ITA"]
[SourceTitle "CBM 184 Extra"]
[Source "ChessBase"]
[SourceDate "2018.06.28"]
[SourceVersion "1"]
[SourceVersionDate "2018.06.28"]
[SourceQuality "1"]

1. d4 d5 2. c4 c6 3. Nf3 Nf6 4. Nc3 g6 5. Bg5 Bg7 6. e3 0-0 7. Bd3 Be6 8. cxd5 cxd5 9. Qb3 Qb6 10. Qxb6 axb6 11. 0-0 Nc6 12. h3 Rfd8 13. Rfc1 Bf5 14. Bxf5 gxf5 15. Bxf6 Bxf6 16. g3 e6 17. Nb5 Kf8 18. b3 Ke7 19. Kf1 Rdc8 20. Ke2 Kd7 21. Kd2 Be7 22. Kd1 f6 23. Ne1 h5 24. h4 e5 25. Nd3 Ba3 26. Rc2 Ra5 27. Nxa3 Rxa3 28. Rac1 Rca8 29. dxe5 fxe5 30. Ke1 Rxa2 31. Nb2 R8a3 32. Na4 Rxc2 33. Rxc2 Rxb3 34. Kd2 Na5 35. Nc3 Nc4+ 36. Ke2 d4 0-1

[Event "World Amateur-ch U2000"]
[Site "Cagliari"]
[Date "2018.04.23"]
[Round "2"]
[White "Hurtado Oldridge, Felipe"]
[Black "Mallo, Danilo"]
[Result "1-0"]
[WhiteElo "1928"]
[BlackElo "1858"]
[PlyCount "53"]
[EventDate "2018.04.22"]
[EventType "swiss"]
[EventRounds "9"]
[EventCountry "ITA"]
[SourceTitle "CBM 184 Extra"]
[Source "ChessBase"]
[SourceDate "2018.06.28"]
[SourceVersion "1"]
[SourceVersionDate "2018.06.28"]
[SourceQuality "1"]

1. d4 Nf6 2. Bg5 e6 3. Nf3 Be7 4. c4 d5 5. Nc3 0-0 6. e3 c6 7. Qc2 Nbd7 8. Rc1 a6 9. a3 h6 10. Bh4 dxc4 11. Bxc4 b5 12. Ba2 Bb7 13. Bb1 g6 14. 0-0 c5 15. dxc5 Nxc5 16. Ne5 Kg7 17. Nxg6 Rg8 18. Rfd1 Qe8 19. Nxe7 Qxe7 20. b4 Ncd7 21. Qb2 Rac8 22. Be4 Rc4 23. Rxd7 Qxd7 24. Bxf6+ Kxf6 25. Nd5+ Kg5 26. Qf6+ Kh5 27. Nf4+ 1-0

[Event "Valencia Don Quijote Memorial"]
[Site "Valencia"]
[Date "2015.07.08"]
[Round "7"]
[White "Hurtado Oldridge, Felipe"]
[Black "Tortosa Fito, Sergio"]
[Result "1-0"]
[WhiteElo "2019"]
[BlackElo "1912"]
[PlyCount "61"]
[EventDate "2015.06.30"]
[EventType "tourn"]
[EventRounds "9"]
[EventCountry "ESP"]
[SourceTitle "CBM 167 Extra"]
[Source "ChessBase"]
[SourceDate "2015.09.14"]
[SourceVersion "1"]
[SourceVersionDate "2015.09.14"]
[SourceQuality "1"]

1. d4 Nf6 2. c4 e6 3. Nf3 d5 4. Nc3 c6 5. e3 Be7 6. b3 0-0 7. Bd3 Nbd7 8. 0-0 Qc7 9. Bb2 Re8 10. Rc1 a6 11. Qc2 Qa5 12. Ne5 Ba3 13. Bxa3 Qxa3 14. f4 Qe7 15. Rf3 g6 16. Rcf1 c5 17. a4 cxd4 18. exd4 dxc4 19. bxc4 Nxe5 20. fxe5 Ng4 21. h3 Nh6 22. Ne4 Kg7 23. Nd6 Rf8 24. Qf2 Bd7 25. Be4 Rab8 26. Rf4 b5 27. c5 b4 28. h4 Nf5 29. Bxf5 exf5 30. c6 Be8 31. Nxf5+ 1-0

[Event "Valencia Don Quijote Memorial"]
[Site "Valencia"]
[Date "2015.07.07"]
[Round "6"]
[White "Nieto Tornero, Jose"]
[Black "Hurtado Oldridge, Felipe"]
[Result "1-0"]
[WhiteElo "1890"]
[BlackElo "2019"]
[PlyCount "59"]
[EventDate "2015.06.30"]
[EventType "tourn"]
[EventRounds "9"]
[EventCountry "ESP"]
[SourceTitle "CBM 167 Extra"]
[Source "ChessBase"]
[SourceDate "2015.09.14"]
[SourceVersion "1"]
[SourceVersionDate "2015.09.14"]
[SourceQuality "1"]

1. e4 e6 2. d4 d5 3. Nd2 dxe4 4. Nxe4 Nf6 5. Bg5 Be7 6. Bxf6 Bxf6 7. Nf3 0-0 8. c3 b6 9. Bd3 Nd7 10. Qe2 Bb7 11. Rd1 Be7 12. 0-0 Qc8 13. Neg5 Nf6 14. c4 Rd8 15. Ne5 Rf8 16. f4 c5 17. f5 cxd4 18. fxe6 fxe6 19. Nxh7 Nxh7 20. Qh5 Ng5 21. Ng6 Bf6 22. Rxf6 Rxf6 23. Ne7+ Kf8 24. Nxc8 Rxc8 25. Qxg5 Rc5 26. Qh4 e5 27. Qh8+ Kf7 28. Qb8 Bc8 29. b4 Rcc6 30. Re1 1-0

[Event "Manizales op 20th"]
[Site "Manizales"]
[Date "2008.01.11"]
[Round "2"]
[White "Hurtado Oldridge, Felipe"]
[Black "Rosero, Hugo Alberto"]
[Result "1-0"]
[WhiteElo "2089"]
[BlackElo "1674"]
[PlyCount "63"]
[EventDate "2008.01.10"]
[EventType "swiss"]
[EventRounds "7"]
[EventCountry "COL"]
[SourceTitle "EXT 2010"]
[Source "ChessBase"]
[SourceDate "2010.11.25"]
[SourceVersion "1"]
[SourceVersionDate "2010.11.25"]
[SourceQuality "1"]

1. e4 c5 2. Nf3 d6 3. d3 e6 4. g3 Nc6 5. Bg2 Nf6 6. 0-0 Be7 7. c3 Qc7 8. a4 0-0 9. Ng5 Bd7 10. f4 Rfd8 11. Na3 a6 12. Nc2 Rab8 13. Qe2 h6 14. Nh3 Rdc8 15. g4 e5 16. g5 Ng4 17. gxh6 gxh6 18. f5 h5 19. Ne3 Nf6 20. Nd5 Qd8 21. Nxf6+ Bxf6 22. Qxh5 Kf8 23. Ng5 Qe7 24. Nh7+ Ke8 25. Nxf6+ Qxf6 26. Rf3 Ne7 27. Rg3 Bxf5 28. exf5 Nxf5 29. Rf3 Ng7 30. Qh3 Qe6 31. Qh8+ Ke7 32. Qxg7 1-0

[Event "Moratalaz op 16th"]
[Site "Madrid"]
[Date "2000.09.21"]
[Round "3"]
[White "Roa Alonso, Santiago"]
[Black "Hurtado Oldridge, Felipe"]
[Result "1-0"]
[WhiteElo "2358"]
[BlackElo "2060"]
[PlyCount "105"]
[EventDate "2000.09.19"]
[EventType "swiss"]
[EventRounds "9"]
[EventCountry "ESP"]
[SourceTitle "EXT 2001"]
[Source "ChessBase"]
[SourceDate "2000.11.22"]
[SourceVersion "1"]
[SourceVersionDate "2000.11.22"]
[SourceQuality "1"]

1. Nf3 d5 2. g3 c5 3. Bg2 Nc6 4. d4 e6 5. 0-0 Nf6 6. c4 Qb6 7. cxd5 Nxd4 8. Nc3 Nxf3+ 9. Bxf3 Be7 10. Qb3 Qxb3 11. axb3 Nxd5 12. Nxd5 exd5 13. Bxd5 0-0 14. Be3 Rd8 15. Bf3 a5 16. Kg2 Ra7 17. b4 b6 18. bxa5 bxa5 19. Rfc1 Bb7 20. Bxc5 Bxf3+ 21. Kxf3 Bxc5 22. Rxc5 Rb7 23. Rcxa5 Rxb2 24. Ra8 Rbb8 25. Rxb8 Rxb8 26. Ra5 g6 27. g4 h6 28. h4 Rb4 29. h5 g5 30. e3 Rb1 31. Ke4 Kg7 32. f4 gxf4 33. exf4 Re1+ 34. Kf5 Rh1 35. Ra6 Rf1 36. g5 hxg5 37. h6+ Kh7 38. Kxg5 Rg1+ 39. Kf5 Rh1 40. Ra7 Rxh6 41. Rxf7+ Kg8 42. Rf6 Rh1 43. Ra6 Rb1 44. Kg6 Rg1+ 45. Kf6 Rb1 46. f5 Rb2 47. Ra8+ Kh7 48. Re8 Ra2 49. Kf7 Ra5 50. f6 Ra1 51. Kf8 Ra2 52. f7 Ra7 53. Re1 1-0

[Event "Oz.com qual blitz"]
[Site "ICC INT"]
[Date "2000.03.05"]
[Round "1"]
[White "Hernando Rodrigo, Jose Maria"]
[Black "Hurtado Oldridge, Felipe"]
[Result "1-0"]
[WhiteElo "2324"]
[BlackElo "2060"]
[PlyCount "85"]
[EventDate "2000.03.05"]
[EventType "swiss (blitz)"]
[EventRounds "9"]
[EventCountry "USA"]
[SourceTitle "EXT 2001"]
[Source "ChessBase"]
[SourceDate "2000.11.22"]
[SourceVersion "1"]
[SourceVersionDate "2000.11.22"]
[SourceQuality "1"]

1. d4 Nf6 2. c4 g6 3. Nf3 Bg7 4. Nc3 0-0 5. Bg5 h6 6. Bh4 c5 7. e3 b6 8. Be2 Bb7 9. 0-0 Ne4 10. Qc2 Nxc3 11. Qxc3 cxd4 12. exd4 Nc6 13. Rad1 d5 14. c5 Rc8 15. cxb6 Qxb6 16. Qe3 Rfe8 17. Ne5 Nxe5 18. dxe5 Qxe3 19. fxe3 Bxe5 20. Bf3 e6 21. b3 Rc2 22. Rf2 Rec8 23. Rfd2 Kg7 24. Be7 Ba6 25. b4 Rxd2 26. Rxd2 Bc3 27. Rc2 Bf6 28. Bc5 Bc4 29. a4 a5 30. Rc1 axb4 31. Bxb4 Bg5 32. Kf2 Ba6 33. Rxc8 Bxc8 34. Be2 e5 35. Bd6 Kf6 36. a5 Bb7 37. a6 Ba8 38. Bg4 d4 39. exd4 exd4 40. Bf3 Be3+ 41. Ke2 Bxf3+ 42. gxf3 Bg1 43. Kd3 1-0